LE SSERAFIM - Paroles Eve, Psyche & The Bluebeard's Wife - Statistiques

Statistiques générales
  • Ce quiz a été pris 9 fois
  • Le résultat moyen est 272 sur 330
Statistiques - réponses
Hint Réponse % Correct
a
100%
best
100%
but
100%
distress
100%
Refrain I'm
100%
don't
100%
dress
100%
dressed
100%
Fearless,
100%
I
100%
I'm
100%
impress
100%
in
100%
mess,
100%
mess
100%
say
100%
still
100%
the
100%
to
100%
we
100%
we're
100%
yeah
100%
yes,
100%
Chorus Boom,
83%
boom,
83%
boom
83%
(Boom
83%
Boom
83%
for
83%
for?
83%
forbidden
83%
Get
83%
get
83%
it
83%
it)
83%
like
83%
Never
83%
Bridge What
83%
what's
83%
wish
83%
back,
67%
hold
67%
looking
67%
now)
67%
now
67%
(Oh
67%
oh)
67%
that
67%
waiting
67%
you
67%
fall,
50%
fall
50%
know
50%
Post-chorus (Push
50%
chain,
33%
fun
33%
Outro Girl
33%
(Girl)
33%
have
33%
on
33%
Take
33%
wanna
33%
17%
Aucun quiz correspondant
Distribution des résultats
% des personnes avec chaque résultat
Percentile par nombre de réponses
Votre historique - résultats
Vous n’avez pas pris ce quiz